000 00391nam a2200133 a 4500
001 000040830
005 20201002034418.0
008 130909s2001 dr r 000 0 spa d
040 _aDO-SdBNP
_bspa
_cBNPHU
082 _axxx
_bxxxx
245 0 0 _aNuevo instructivo de formación política.
260 _aSanto Domingo :
_bPartido de la Liberación Dominicana,
_c2001.
300 _a35 p. ;
_c21 cm.
999 _c40320
_d40320